Foreign investment, democracy,and development: (Record no. 8746)
[ view plain ]
| 000 -LEADER | |
|---|---|
| fixed length control field | 00836nam a22001577a 4500 |
| 005 - DATE AND TIME OF LATEST TRANSACTION | |
| control field | 20220221134911.0 |
| 008 - FIXED-LENGTH DATA ELEMENTS--GENERAL INFORMATION | |
| fixed length control field | 220221b ||||| |||| 00| 0 eng d |
| 020 ## - INTERNATIONAL STANDARD BOOK NUMBER | |
| International Standard Book Number | 9780415250542 |
| 050 ## - LIBRARY OF CONGRESS CALL NUMBER | |
| Classification number | HG4538.D37 |
| 100 ## - MAIN ENTRY--PERSONAL NAME | |
| 9 (RLIN) | Soysa,de Indra. |
| 245 ## - TITLE STATEMENT | |
| Title | Foreign investment, democracy,and development: |
| Remainder of title | Assessing contours,correlates and concomitants of globalization |
| Statement of responsibility, etc. | Indra de Soysa. |
| 260 ## - PUBLICATION, DISTRIBUTION, ETC. | |
| Place of publication, distribution, etc. | New York: |
| Name of publisher, distributor, etc. | Routledge, |
| Date of publication, distribution, etc. | 2005. |
| 300 ## - PHYSICAL DESCRIPTION | |
| Extent | viii, 149p |
| Other physical details | ill and diagrams. |
| Dimensions | 24cm. |
| 500 ## - GENERAL NOTE | |
| General note | Contents:Introduction; Outline of study -- The contours of globalization -- Globalization and the development:theory old and new -- Globalization and growth empirics -- Democracy and growth:theory old and new -- Empirics of democracy and growth,and growth of democracy -- Assessing globalization's correlates and concomitants. |
| 942 ## - ADDED ENTRY ELEMENTS (KOHA) | |
| Source of classification or shelving scheme | Library of Congress Classification |
| Koha item type | Books |
| Withdrawn status | Lost status | Source of classification or shelving scheme | Damaged status | Not for loan | Home library | Current library | Date acquired | Total Checkouts | Full call number | Barcode | Date last seen | Copy number | Price effective from | Koha item type |
|---|---|---|---|---|---|---|---|---|---|---|---|---|---|---|
| Dewey Decimal Classification | WISCONSIN INTERNATIONAL UNIVERSITY COLLEGE, GHANA - MAIN LIBRARY | WISCONSIN INTERNATIONAL UNIVERSITY COLLEGE, GHANA - MAIN LIBRARY | 21/02/2022 | HG4538.D37 | 9025/476/22 | 21/02/2022 | 1 | 21/02/2022 | Books |
